Understanding Hinduism : (Record no. 7569)
[ view plain ]
| 000 -LEADER | |
|---|---|
| fixed length control field | 00793cam a2200241 a 4500 |
| 001 - CONTROL NUMBER | |
| control field | 16149364 |
| 003 - CONTROL NUMBER IDENTIFIER | |
| control field | GBCCL |
| 005 - DATE AND TIME OF LATEST TRANSACTION | |
| control field | 20241126110631.0 |
| 008 - FIXED-LENGTH DATA ELEMENTS--GENERAL INFORMATION | |
| fixed length control field | 100323s2010 stkab b 001 0 eng |
| 010 ## - | |
| -- | 2010291814 |
| 040 ## - CATALOGING SOURCE | |
| Original cataloging agency | DLC |
| Transcribing agency | DLC |
| Modifying agency | DLC |
| 050 00 - | |
| -- | BL1202 |
| -- | .W48 2010 |
| 082 00 - DEWEY DECIMAL CLASSIFICATION NUMBER | |
| Classification number | 294.5 |
| Edition information | 22 |
| Item number | PON |
| 100 1# - MAIN ENTRY--PERSONAL NAME | |
| Personal name | Ponraj, S.D. |
| 9 (RLIN) | 4780 |
| 245 10 - TITLE STATEMENT | |
| Title | Understanding Hinduism : |
| Statement of responsibility, etc. | a mission perspective on the beliefs and practices of hindus |
| 260 ## - PUBLICATION, DISTRIBUTION, ETC. | |
| Place of publication, distribution, etc. | Chennai : |
| Name of publisher, distributor, etc. | Mission educational books, |
| Date of publication, distribution, etc. | 2013 |
| 300 ## - PHYSICAL DESCRIPTION | |
| Extent | 171 p. : |
| Dimensions | 22 cm. |
| 504 ## - BIBLIOGRAPHY, ETC. NOTE | |
| Bibliography, etc. note | Includes bibliographical references (p. 153-159) and index. |
| 650 #0 - SUBJECT ADDED ENTRY--TOPICAL TERM | |
| Topical term or geographic name entry element | Hinduism. |
| 9 (RLIN) | 2401 |
| 906 ## - LOCAL DATA ELEMENT F, LDF (RLIN) | |
| a | 7 |
| b | cbc |
| c | orignew |
| d | 2 |
| e | ncip |
| f | 20 |
| g | y-gencatlg |
| 942 ## - ADDED ENTRY ELEMENTS (KOHA) | |
| Source of classification or shelving scheme | Dewey Decimal Classification |
| Koha item type | Books |
| Koha issues (borrowed), all copies | 25 |
| Withdrawn status | Lost status | Source of classification or shelving scheme | Damaged status | Not for loan | Home library | Current Library | Shelving location | Date acquired | Total checkouts | Total renewals | Full call number | Barcode | Date last seen | Date last checked out | Copy number | Price effective from | Koha item type |
|---|---|---|---|---|---|---|---|---|---|---|---|---|---|---|---|---|---|
| Dewey Decimal Classification | GRACE BIBLE COLLEGE | GRACE BIBLE COLLEGE | Philosophy and Religion | 2018-08-24 | 34 | 4 | 294.5 PON | 014361 | 2026-02-23 | 2026-02-17 | c.1 | 2018-08-24 | Books |